书目信息 |
| 题名: |
公孙龙子研究
|
|
| 作者: | 庞朴 著 | |
| 分册: | ||
| 出版信息: | 北京 中华书局 1979.12 |
|
| 页数: | 156页 | |
| 开本: | 20cm | |
| 丛书名: | ||
| 单 册: | ||
| 中图分类: | B225.45 | |
| 科图分类: | ||
| 主题词: | 先秦哲学 | |
| 电子资源: | ||
| ISBN: | ||
| 000 | 00526nam0 2200205 45 | |
| 001 | 0205090971 | |
| 005 | 20040429104927.7 | |
| 010 | @dCNY0.90 | |
| 091 | @a2018.157 | |
| 100 | @a20020509d1979 km y0chiy0120 ea | |
| 101 | 0 | @achi |
| 105 | @a z 000yy | |
| 200 | 1 | @a公孙龙子研究@AGong Sun Long Zi Yan Jiu@f庞朴著@FPang Pu Zhu |
| 210 | @a北京@c中华书局@d1979.12 | |
| 215 | @a156页@d20cm | |
| 606 | 0 | @a先秦哲学 |
| 690 | @aB225.45 | |
| 701 | 0 | @a庞朴@4著 |
| 801 | @aCN@bTSTC@c20020509 | |
| 905 | @dB225.45@e83@f2@b217422-423 | |
| 公孙龙子研究/庞朴著.-北京:中华书局,1979.12 |
| 156页;20cm |
| ISBN :CNY0.90 |
| ● |
| 相关链接 |
|
|
|
|
正题名:公孙龙子研究
索取号:B225.45/83
 
预约/预借
| 序号 | 登录号 | 条形码 | 馆藏地/架位号 | 状态 | 备注 |
| 1 | 0217422 | 000508392 | 第一样本阅览室/ [索取号:B225.45/83] | 在馆 | |
| 2 | 0217423 | 000508409 | 密集书库/ [索取号:B225.45/83] | 在馆 |